[Event "IND-ch (Women) 49th"]
[Site "Ahmedabad"]
[Date "2023.07.07"]
[Round "8"]
[White "Mohitha, Vakcheri"]
[Black "Ankitha, Goud Palle"]
[Result "1-0"]
[WhiteElo "1633"]
[BlackElo "1977"]
[PlyCount "29"]
[EventDate "2023.06.30"]
[EventType "swiss"]
[EventRounds "11"]
[EventCountry "IND"]
[SourceTitle "CBM 215 Extra"]
[Source "ChessBase"]
[SourceDate "2023.09.30"]
[SourceVersion "1"]
[SourceVersionDate "2023.09.30"]
[SourceQuality "1"]

1. d4 Nf6 2. c4 g6 3. Nc3 Bg7 4. e4 d6 5. Be2 0-0 6. Bg5 h6 7. Be3 Nbd7 8. Qd2 e5 9. d5 Kh7 10. g4 Nc5 11. f3 a5 12. h4 Ng8 13. Nh3 Qxh4+ 14. Nf2 Qf6 15. Bg5 1-0

[Event "Bhubaneswar op-A 14th"]
[Site "Bhubaneswar"]
[Date "2023.06.16"]
[Round "8"]
[White "Mohitha, Vakcheri"]
[Black "Rupam, Mukherjee"]
[Result "1/2-1/2"]
[WhiteElo "1600"]
[BlackElo "1736"]
[PlyCount "57"]
[EventDate "2023.06.11"]
[EventType "swiss"]
[EventRounds "10"]
[EventCountry "IND"]
[SourceTitle "CBM 214 Extra"]
[Source "ChessBase"]
[SourceDate "2023.07.31"]
[SourceVersion "1"]
[SourceVersionDate "2023.07.31"]
[SourceQuality "1"]

1. d4 Nf6 2. Nf3 e6 3. c4 Bb4+ 4. Nc3 0-0 5. e3 Ne4 6. Qc2 f5 7. Bd3 Bxc3+ 8. bxc3 Nf6 9. 0-0 d6 10. e4 fxe4 11. Bxe4 Nxe4 12. Qxe4 Qf6 13. Bd2 h6 14. Rae1 Nc6 15. Bc1 Bd7 16. Ba3 Na5 17. Qd3 a6 18. Nd2 Rf7 19. f4 d5 20. cxd5 exd5 21. Qf3 Bb5 22. Rf2 Qc6 23. Re5 Rd8 24. f5 Nc4 25. Nxc4 Bxc4 26. h3 Qb5 27. Re7 Rff8 28. Qg4 Qb1+ 29. Kh2 1/2-1/2

[Event "Bhubaneswar op-A 14th"]
[Site "Bhubaneswar"]
[Date "2023.06.15"]
[Round "6"]
[White "Adireddy, Arjun"]
[Black "Mohitha, Vakcheri"]
[Result "1-0"]
[WhiteElo "1968"]
[BlackElo "1600"]
[PlyCount "93"]
[EventDate "2023.06.11"]
[EventType "swiss"]
[EventRounds "10"]
[EventCountry "IND"]
[SourceTitle "CBM 214 Extra"]
[Source "ChessBase"]
[SourceDate "2023.07.31"]
[SourceVersion "1"]
[SourceVersionDate "2023.07.31"]
[SourceQuality "1"]

1. e4 e6 2. d4 d5 3. Bd3 dxe4 4. Bxe4 Nf6 5. Bf3 Be7 6. Ne2 0-0 7. Nbc3 c6 8. Bf4 Nbd7 9. Qd2 Nd5 10. Nxd5 exd5 11. 0-0-0 b5 12. g4 a5 13. h4 Nb6 14. b3 Be6 15. h5 a4 16. Kb1 Qc8 17. Rdg1 Rd8 18. b4 Nc4 19. Qc3 a3 20. Nc1 Nb2 21. Nb3 Ra4 22. Nc5 Bxc5 23. Qxc5 Qd7 24. h6 g6 25. Re1 Nc4 26. Rhg1 Raa8 27. Be2 Qa7 28. Qxa7 Rxa7 29. Bg5 Rc8 30. Bxc4 dxc4 31. Re3 Rd7 32. Bf6 Ra8 33. f4 Kf8 34. Rgg3 Rda7 35. Re5 Rd7 36. f5 Rxd4 37. Re1 Rf4 38. Bg7+ Kg8 39. fxe6 fxe6 40. g5 Rf5 41. Bf6 Kf7 42. Rge3 Ra7 43. Rxe6 Rc7 44. R6e3 Ra7 45. Kc1 Rf2 46. Re7+ Rxe7 47. Rxe7+ 1-0

[Event "IND-ch (Women) 47th"]
[Site "Bhubaneswar"]
[Date "2022.02.25"]
[Round "1"]
[White "Rakshitta, Ravi"]
[Black "Mohitha, Vakcheri"]
[Result "1-0"]
[WhiteElo "2278"]
[BlackElo "1459"]
[PlyCount "79"]
[EventDate "2022.02.25"]
[EventType "swiss"]
[EventRounds "9"]
[EventCountry "IND"]
[SourceTitle "CBM 207 Extra"]
[Source "ChessBase"]
[SourceDate "2022.05.31"]
[SourceVersion "1"]
[SourceVersionDate "2022.05.31"]
[SourceQuality "1"]

1. e4 c5 2. Nf3 g6 3. d4 cxd4 4. Nxd4 Bg7 5. Nc3 Nc6 6. Be3 Nf6 7. Nb3 0-0 8. Be2 d6 9. 0-0 Be6 10. f4 Rc8 11. Bf3 Bc4 12. Rf2 Qc7 13. Nd5 Nxd5 14. exd5 Nb4 15. c3 Nd3 16. Rd2 Nc5 17. Nd4 a5 18. b3 Ba6 19. Rc1 b5 20. Nc6 Bb7 21. Na7 Rb8 22. Nxb5 Qb6 23. a4 Qd8 24. b4 Nd7 25. Qb3 Ba6 26. Na7 Nb6 27. Nc6 Qc7 28. b5 Nd7 29. Qc4 Nb6 30. Qe4 Bb7 31. Qxe7 Nd7 32. b6 Qc8 33. Nxb8 Nxb8 34. Qxd6 Qc4 35. Qc7 Qxc7 36. bxc7 Nd7 37. Rb1 Ba6 38. Bd4 Bxd4+ 39. cxd4 Rc8 40. d6 1-0

[Event "Mumbai Wealth U13 op 5th"]
[Site "Mumbai"]
[Date "2020.01.06"]
[Round "8"]
[White "Mohitha, Vakcheri"]
[Black "Kudakala, Venkata Drakshanya"]
[Result "1-0"]
[WhiteElo "1521"]
[BlackElo "1248"]
[PlyCount "43"]
[EventDate "2019.12.30"]
[EventType "swiss"]
[EventRounds "9"]
[EventCountry "IND"]
[SourceTitle "CBM 194 Extra"]
[Source "ChessBase"]
[SourceDate "2020.03.31"]
[SourceVersion "1"]
[SourceVersionDate "2020.03.31"]
[SourceQuality "1"]

1. d4 d5 2. c4 e6 3. Nc3 Nf6 4. Nf3 c6 5. e3 Nbd7 6. Bd3 Be7 7. 0-0 0-0 8. b3 b6 9. Bb2 Bb7 10. Ne2 Rc8 11. Ng3 h6 12. Ne5 dxc4 13. bxc4 c5 14. f4 Nb8 15. f5 exf5 16. Bxf5 Rc7 17. d5 Bd6 18. Ng4 Nfd7 19. Bxd7 Bxg3 20. Nf6+ Kh8 21. Qd3 g6 22. hxg3 1-0

[Event "Mumbai Wealth U13 op 5th"]
[Site "Mumbai"]
[Date "2020.01.02"]
[Round "4"]
[White "Mohitha, Vakcheri"]
[Black "Manasa"]
[Result "1-0"]
[WhiteElo "1521"]
[BlackElo "1234"]
[PlyCount "163"]
[EventDate "2019.12.30"]
[EventType "swiss"]
[EventRounds "9"]
[EventCountry "IND"]
[SourceTitle "CBM 194 Extra"]
[Source "ChessBase"]
[SourceDate "2020.03.31"]
[SourceVersion "1"]
[SourceVersionDate "2020.03.31"]
[SourceQuality "1"]

1. d4 Nf6 2. c4 e6 3. g3 d5 4. Nf3 Nbd7 5. Bg2 Be7 6. 0-0 c6 7. Nbd2 0-0 8. b3 b6 9. Bb2 Bb7 10. e3 c5 11. cxd5 exd5 12. Ne5 Rc8 13. f4 h6 14. g4 Ne4 15. Ndf3 c4 16. bxc4 dxc4 17. Nxd7 Qxd7 18. Ne5 Qb5 19. Qc2 c3 20. Bc1 Nd2 21. Bxd2 Bxg2 22. Kxg2 Qd5+ 23. Kg1 cxd2 24. Qxd2 Bh4 25. Rac1 Qe4 26. Qd3 Qxd3 27. Nxd3 Rfe8 28. Rxc8 Rxc8 29. Rc1 Re8 30. Ne5 g5 31. Rc3 Re7 32. Rc8+ Kg7 33. d5 gxf4 34. exf4 Bf6 35. d6 Re6 36. Rc7 Bxe5 37. fxe5 Rxe5 38. Rxa7 Rd5 39. d7 Kf6 40. Rb7 Kg5 41. h3 Rd6 42. Rxb6 Rxd7 43. Rb5+ Kf4 44. Rb4+ Kg3 45. Rb3+ Kf4 46. Ra3 f5 47. gxf5 Kxf5 48. Kf2 Kg5 49. Kg3 Rd5 50. Rf3 Ra5 51. a3 Ra4 52. Rc3 Ra5 53. Rb3 Ra6 54. Kf3 Ra4 55. Ke3 Rh4 56. Kd2 h5 57. Kc2 Ra4 58. Kb2 Kh4 59. Rc3 Ra8 60. Kb3 Rb8+ 61. Ka4 Rg8 62. Kb5 Rg5+ 63. Kb4 Rg3 64. Rxg3 Kxg3 65. a4 Kxh3 66. a5 h4 67. a6 Kg2 68. a7 h3 69. a8Q+ Kg1 70. Qa7+ Kg2 71. Qb7+ Kg1 72. Qb6+ Kg2 73. Qc6+ Kg1 74. Qc5+ Kg2 75. Qd5+ Kg1 76. Qd4+ Kh1 77. Qe4+ Kg1 78. Qg4+ Kh2 79. Kc3 Kh1 80. Qxh3+ Kg1 81. Qf3 Kh2 82. Qg4 1-0

[Event "Western Asia-ch U12 Girls"]
[Site "Delhi"]
[Date "2019.09.09"]
[Round "7"]
[White "Kheerthi, Ganta"]
[Black "Mohitha, Vakcheri"]
[Result "1/2-1/2"]
[WhiteElo "1490"]
[BlackElo "1409"]
[PlyCount "116"]
[EventDate "2019.09.06"]
[EventType "swiss"]
[EventRounds "9"]
[EventCountry "IND"]
[SourceTitle "CBM 192 Extra"]
[Source "Chessbase"]
[SourceDate "2019.11.06"]
[SourceVersion "1"]
[SourceVersionDate "2019.11.06"]
[SourceQuality "1"]

1. d4 Nf6 2. Nf3 g6 3. c4 Bg7 4. Nc3 0-0 5. e4 d6 6. Be2 e5 7. dxe5 dxe5 8. Qxd8 Rxd8 9. Bg5 Nbd7 10. 0-0-0 c6 11. Nxe5 Re8 12. Nxd7 Nxd7 13. f3 Ne5 14. Kc2 Be6 15. b3 f5 16. f4 Nf7 17. exf5 Bxf5+ 18. Bd3 Re3 19. Bh4 Rae8 20. Bf2 Bxd3+ 21. Rxd3 Rxd3 22. Kxd3 Rd8+ 23. Kc2 Nd6 24. Re1 b5 25. cxb5 cxb5 26. Ne4 Nf5 27. Rd1 Re8 28. Ng3 Nh4 29. Bxa7 Nxg2 30. f5 b4 31. fxg6 hxg6 32. Rd6 Ra8 33. Rd7 Ne1+ 34. Kb1 Nf3 35. Bc5 Bc3 36. Ne4 Nxh2 37. Nxc3 bxc3 38. b4 Nf3 39. Bd4 c2+ 40. Kxc2 Nxd4+ 41. Rxd4 Rxa2+ 42. Kb3 Ra8 43. b5 Kf7 44. b6 Rb8 45. Rb4 Kf6 46. Rb5 g5 47. Kc4 g4 48. Kc5 Kf5 49. Kc6+ Kf4 50. Kc7 Rxb6 51. Kxb6 g3 52. Kc5 g2 53. Rb1 Kf3 54. Kd4 Kf2 55. Rb2+ Kf1 56. Rb1+ Kf2 57. Kd3 g1Q 58. Rxg1 Kxg1 1/2-1/2

[Event "Western Asia-ch U12 Girls"]
[Site "Delhi"]
[Date "2019.09.08"]
[Round "6"]
[White "Mohitha, Vakcheri"]
[Black "Pallie, Ehsha Mishela"]
[Result "1-0"]
[WhiteElo "1409"]
[BlackElo "1444"]
[PlyCount "153"]
[EventDate "2019.09.06"]
[EventType "swiss"]
[EventRounds "9"]
[EventCountry "IND"]
[SourceTitle "CBM 192 Extra"]
[Source "Chessbase"]
[SourceDate "2019.11.06"]
[SourceVersion "1"]
[SourceVersionDate "2019.11.06"]
[SourceQuality "1"]

1. d4 Nf6 2. c4 g6 3. Nc3 Bg7 4. e4 d6 5. Nf3 0-0 6. Be2 e5 7. d5 a5 8. Bg5 Na6 9. Nd2 Qe8 10. 0-0 Nd7 11. Rb1 f5 12. exf5 gxf5 13. Bh5 Rf7 14. f3 Nf6 15. Bxf7+ Qxf7 16. Kh1 Qh5 17. Bxf6 Bxf6 18. g4 Qh6 19. Qe2 Bg5 20. Rbd1 Bf4 21. Rg1 Kf7 22. Rg2 Bd7 23. Rdg1 Rg8 24. gxf5 Rxg2 25. Qxg2 Qf8 26. f6 Kxf6 27. Nde4+ Ke7 28. Qg7+ Qf7 29. Qxf7+ Kxf7 30. Ng5+ Bxg5 31. Rxg5 Nc5 32. Ne4 Nd3 33. b3 b6 34. Rg1 a4 35. Ng5+ Ke8 36. Nxh7 Bh3 37. Rg3 Bf5 38. Ng5 axb3 39. axb3 Nc5 40. h4 Nxb3 41. h5 Nd2 42. h6 Nxc4 43. Ne6 Bh7 44. Rg7 Bd3 45. h7 Bxh7 46. Rxh7 b5 47. Nxc7+ Kf8 48. Nxb5 Kg8 49. Rd7 Kf8 50. Nxd6 Nb6 51. Rf7+ Kg8 52. Rf5 Nxd5 53. Rxe5 Nf4 54. Kh2 Ng6 55. Rg5 Kh7 56. Rxg6 Kxg6 57. Kg3 Kf6 58. Kf4 Ke6 59. Ne4 Kf7 60. Kf5 Kf8 61. Kf6 Kg8 62. f4 Kf8 63. f5 Ke8 64. Kg7 Kd7 65. f6 Kc6 66. f7 Kd5 67. f8Q Kxe4 68. Qf6 Kd5 69. Qf4 Kc6 70. Qe5 Kb7 71. Qd6 Ka8 72. Qd7 Kb8 73. Kf6 Ka8 74. Ke6 Kb8 75. Kd6 Ka8 76. Kc6 Kb8 77. Qb7# 1-0

[Event "Hyderabad U1500 op 3rd"]
[Site "Hyderabad"]
[Date "2018.12.09"]
[Round "5.3"]
[White "Mahendar, B."]
[Black "Mohitha, Vakcheri"]
[Result "1/2-1/2"]
[WhiteElo "1418"]
[BlackElo "1355"]
[PlyCount "116"]
[EventDate "2018.12.08"]
[EventType "swiss"]
[EventRounds "9"]
[EventCountry "IND"]
[SourceTitle "EXT 2024"]
[Source "ChessBase"]
[SourceDate "2023.10.10"]
[SourceVersion "1"]
[SourceVersionDate "2023.10.10"]
[SourceQuality "1"]

1. e4 c5 2. Nf3 g6 3. d4 cxd4 4. Qxd4 Nf6 5. e5 Nc6 6. Qa4 Nd5 7. c4 Nc7 8. Bf4 Bg7 9. Nc3 0-0 10. Be2 Ne6 11. Bg3 b6 12. 0-0 Bb7 13. Rad1 Nc5 14. Qc2 Qc8 15. a3 a5 16. Nd5 Qd8 17. b4 axb4 18. axb4 Ne6 19. b5 Na5 20. Bh4 Re8 21. h3 Rc8 22. Rfe1 Bxd5 23. Rxd5 Nf4 24. Rd4 Nxe2+ 25. Qxe2 Qc7 26. Red1 d6 27. exd6 exd6 28. Re4 Rxe4 29. Qxe4 Qxc4 30. Qe7 Qxb5 31. Rxd6 Bf8 32. Rd8 Rxd8 33. Qxd8 Qc5 34. Bf6 Qd6 35. Ne5 Qxd8 36. Bxd8 Bc5 37. Nd7 Nc4 38. Nxc5 bxc5 39. Be7 f5 40. Bxc5 Kf7 41. g3 Ke6 42. Kg2 Kd5 43. Ba7 Ke4 44. h4 h6 45. Bc5 h5 46. Ba7 f4 47. f3+ Kf5 48. Kh3 fxg3 49. Kxg3 g5 50. hxg5 Kxg5 51. Bb8 Kf5 52. Kh4 Nd2 53. f4 Nb1 54. Be5 Nc3 55. Kg3 Ne2+ 56. Kf3 Nxf4 57. Bxf4 h4 58. Bb8 h3 1/2-1/2

[Event "IND-ch U11 Girls"]
[Site "Sivagangai Tamilnadu"]
[Date "2018.08.04"]
[Round "10.10"]
[White "Tejasvee, Naresh Singh"]
[Black "Mohitha, Vakcheri"]
[Result "0-1"]
[WhiteElo "1137"]
[BlackElo "1322"]
[PlyCount "66"]
[EventDate "2018.07.28"]
[EventType "swiss"]
[EventRounds "11"]
[EventCountry "IND"]
[SourceTitle "EXT 2024"]
[Source "ChessBase"]
[SourceDate "2023.10.10"]
[SourceVersion "1"]
[SourceVersionDate "2023.10.10"]
[SourceQuality "1"]

1. e4 d6 2. d4 Nf6 3. Nc3 Nbd7 4. Nf3 e5 5. Bc4 Be7 6. 0-0 0-0 7. Bg5 a6 8. a4 b6 9. Qd3 c6 10. Nh4 g6 11. Bh6 Re8 12. Nf3 Bb7 13. dxe5 Nxe5 14. Nxe5 dxe5 15. Qf3 Qc7 16. Bg5 Kg7 17. Ne2 Bc8 18. Rad1 Be6 19. Bxe6 fxe6 20. Qd3 Red8 21. Qc4 Rd6 22. f4 Rxd1 23. Rxd1 Bc5+ 24. Kh1 Ng4 25. Rf1 Ne3 26. Qxe6 Nxf1 27. Bf6+ Kf8 28. Bxe5 Qe7 29. Qxc6 Rd8 30. Nc3 Ne3 31. Nd5 Nxd5 32. exd5 Bd6 33. Bc3 Qc7 0-1

[Event "IND-ch U11 Girls"]
[Site "Sivagangai Tamilnadu"]
[Date "2018.08.02"]
[Round "8.8"]
[White "Roy, Aanya"]
[Black "Mohitha, Vakcheri"]
[Result "1-0"]
[WhiteElo "1078"]
[BlackElo "1322"]
[PlyCount "93"]
[EventDate "2018.07.28"]
[EventType "swiss"]
[EventRounds "11"]
[EventCountry "IND"]
[SourceTitle "EXT 2024"]
[Source "ChessBase"]
[SourceDate "2023.10.10"]
[SourceVersion "1"]
[SourceVersionDate "2023.10.10"]
[SourceQuality "1"]

1. e4 d6 2. d4 Nf6 3. Nc3 Nbd7 4. Nf3 e5 5. Bc4 Be7 6. a4 0-0 7. 0-0 a6 8. h3 b6 9. Ba2 Bb7 10. Re1 c6 11. dxe5 dxe5 12. Be3 Qc7 13. Bg5 Rfd8 14. Qe2 b5 15. axb5 axb5 16. Nd1 Nc5 17. Bxf6 Bxf6 18. b4 Nd7 19. c4 Ba6 20. c5 Nf8 21. Ne3 Ng6 22. g3 Bc8 23. Bxf7+ Qxf7 24. Rxa8 Bxh3 25. Rxd8+ Bxd8 26. Nf5 Bf6 27. Nd6 Qb3 28. Ra1 Be6 29. Ra8+ Nf8 30. Ra6 Qxb4 31. Rxc6 Qb1+ 32. Qe1 Qxe1+ 33. Nxe1 b4 34. Rb6 b3 35. Nd3 Bg5 36. c6 Bd8 37. Ra6 Bc7 38. Nb5 Bc4 39. Nxc7 Bxd3 40. Rb6 Bxe4 41. Na6 b2 42. c7 Bf5 43. Rxb2 Bc8 44. Nc5 Ng6 45. Rb8 Ne7 46. Nd7 Kf7 47. Nb6 1-0

[Event "IND-ch U11 Girls"]
[Site "Sivagangai Tamilnadu"]
[Date "2018.07.31"]
[Round "5.4"]
[White "Mohitha, Vakcheri"]
[Black "Shefali, AN."]
[Result "1-0"]
[WhiteElo "1322"]
[BlackElo "1249"]
[PlyCount "113"]
[EventDate "2018.07.28"]
[EventType "swiss"]
[EventRounds "11"]
[EventCountry "IND"]
[SourceTitle "EXT 2024"]
[Source "ChessBase"]
[SourceDate "2023.10.10"]
[SourceVersion "1"]
[SourceVersionDate "2023.10.10"]
[SourceQuality "1"]

1. d4 Nf6 2. Nf3 e6 3. e3 d5 4. Bd3 c5 5. b3 Nc6 6. 0-0 Bd6 7. Bb2 b6 8. a3 0-0 9. Nbd2 Bb7 10. Ne5 Ne7 11. f4 Qc7 12. Qe1 Bxe5 13. fxe5 Ne4 14. c3 Ng6 15. Rf3 Qe7 16. Bxe4 dxe4 17. Rh3 cxd4 18. exd4 Nf4 19. Re3 Nd3 20. Qb1 Qg5 21. Nc4 b5 22. Rg3 Qf4 23. Nd6 Bc6 24. Qc2 Nxb2 25. Qxb2 f5 26. Rf1 Qh6 27. Qe2 a6 28. Rh3 Qg6 29. Qh5 Qxh5 30. Rxh5 Be8 31. Rh3 Bg6 32. c4 f4 33. Rh4 f3 34. Nxe4 Bxe4 35. Rxe4 fxg2 36. Kxg2 Rxf1 37. Kxf1 bxc4 38. bxc4 Rb8 39. Re3 Rb1+ 40. Kf2 Rb2+ 41. Kg3 Rd2 42. Re4 Rd3+ 43. Kf4 Rxa3 44. d5 exd5 45. cxd5 Ra1 46. d6 Rf1+ 47. Kg3 Rg1+ 48. Kf2 Ra1 49. e6 Ra2+ 50. Kg3 Ra3+ 51. Kf4 Ra1 52. d7 Rf1+ 53. Kg3 Rg1+ 54. Kf2 Rd1 55. e7 Rd2+ 56. Re2 Rxd7 57. e8Q# 1-0